000 00666nam a2200241Ia 4500
003 OSt
005 20220926022944.0
006 a|||||r|||| 00| 0
007 ta
008 220923b |||||||| |||| 00| 0 eng d
037 _cGeneral Book
040 _aRTL
_cRTL
_beng
041 _2eng
_aeng
082 _aX:8:(S:44), M3;N2
100 _aHellriegel Don Ed.
_9321177
245 0 _aOrganizational behavior
250 _a6th
260 _aNew York
_bWest U. S. A.
_c1992
300 _axxiv, 779p.
_ccm.
650 _aManagement - Behavior
_9234468
942 _hX:8:(S:44), M3;N2
_cGB
_2CC
999 _c640646
_d640646